Harry Potter: le Club de Slug - Statistiques

Statistiques générales
  • Ce quiz a été pris 103 fois
  • Le résultat moyen est 12 sur 26
Statistiques - réponses
Info Réponses % Correct
Membre du 2eme Harry Potter
96%
Première apparition Harry Potter et le Prince de Sang-Mêlé
96%
Dernière apparition Harry Potter et le Prince de Sang-Mêlé
96%
Fondateur Horace Slughorn
94%
Membre du 2eme Hermione Granger
93%
Membre du 2eme Ginny Weasley
88%
Membre du 1er Lily Evans
84%
Membre du 2eme Cormac McLaggen
78%
Membre du 1er Tom Jedusor
70%
Membre du 2eme Blaise Zabini
63%
Membre du 1er Severus Rogue
62%
Membre rejeté Neville Londubat
60%
Membre du 1er Regulus Black
37%
Membre du 1er Lucius Malefoy
36%
Membre rejeté Marcus Belby
26%
Membre du 2eme Hestia Carrow
25%
Membre du 2eme Flora Carrow
20%
Membre du 1er Gwenog Jones
20%
Membre du 1er Avery Sr.
19%
Membre du 1er Rodolphus Lestrange
19%
Membre du 1er Lestrange
14%
Membre du 1er Barnabas Cuffe
11%
Membre du 2eme Melinda Bobbin
11%
Membre du 1er Ambrosius Flume
9%
Membre du 1er Dirk Cresswell
9%
Membre du 1er Eldred Worpel
9%
Aucun quiz correspondant
Distribution des résultats
% des personnes avec chaque résultat
Percentile par nombre de réponses
Votre historique - résultats
Vous n’avez pas pris ce quiz